Countries whose bordering Countries are all further North/East/South or West - Statistics

General Stats
  • This quiz has been taken 60 times
  • The average score is 9 of 25
Answer Stats
# borders Direction Country % Correct
3 N Chile
68%
3 S Norway
66%
3 E Norway
66%
3 W Oman
56%
3 W Somalia
56%
2 N Yemen
56%
2 E Ecuador
46%
2 N Sweden
46%
2 S Tunisia
46%
3 W Vietnam
39%
6 W Mozambique
34%
2 E United States
34%
2 W Kuwait
27%
4 E Namibia
27%
3 S Netherlands
27%
3 S Venezuela
27%
2 S Bangladesh
24%
2 E Guinea-Bissau
24%
2 W Belize
22%
2 N El Salvador
22%
3 N Cambodia
15%
2 E Sierra Leone
15%
3 S Eritrea
12%
3 N Liberia
12%
2 E Equatorial Guinea
10%
No matching quizzes found
Score Distribution
Percent of People with Each Score
Percentile by Number Answered
Your Score History
You have not taken this quiz